Municipios de Soria - Estadísticas

Estadísticas generales
  • Esta prueba ha sido intentada 18 veces
  • La puntuación promedio es 28 de 183
Estadísticas de respuestas
Municipio % Correcto
Soria
88%
Ágreda
75%
Garray
75%
Almazán
63%
El Burgo de Osma
63%
Ólvega
63%
San Esteban de Gormaz
63%
San Pedro Manrique
63%
Vinuesa
63%
Berlanga de Duero
50%
Covaleda
50%
Golmayo
50%
Gómara
50%
Gormaz
50%
Medinaceli
50%
San Leonardo de Yagüe
50%
Abejar
38%
Arcos de Jalón
38%
Bayubas de Abajo
38%
Bayubas de Arriba
38%
Calatañazor
38%
Langa de Duero
38%
Morón de Almazán
38%
Navaleno
38%
Quintana Redonda
38%
Rello
38%
Retortillo de Soria
38%
Salduero
38%
Tardelcuende
38%
Yanguas
38%
Adradas
25%
Almajano
25%
Caracena
25%
El Royo
25%
Fresno de Caracena
25%
Fuentecambrón
25%
Fuentepinilla
25%
Molinos de Duero
25%
Monteagudo de las Vicarías
25%
Montenegro de Cameros
25%
Muriel de la Fuente
25%
Muriel Viejo
25%
Noviercas
25%
Quintanas de Gormaz
25%
Recuerda
25%
Santa María de Huerta
25%
Ucero
25%
Valdeavellano de Tera
25%
Valdemaluque
25%
Villaciervos
25%
Villar del Campo
25%
Alconaba
13%
Alcubilla de las Peñas
13%
Aldealpozo
13%
Aliud
13%
Almarza
13%
Almazul
13%
Almenar de Soria
13%
Alpanseque
13%
Arancón
13%
Arenillas
13%
Baraona
13%
Barca
13%
Blacos
13%
Borjabad
13%
Borobia
13%
Buberos
13%
Cabrejas del Campo
13%
Cabrejas del Pinar
13%
Carrascosa de Abajo
13%
Castilfrío de la Sierra
13%
Castillejo de Robledo
13%
Castilruiz
13%
Cirujales del Río
13%
Coscurita
13%
Escobosa de Almazán
13%
Fuentearmegil
13%
Herrera de Soria
13%
Las Aldehuelas
13%
Liceras
13%
Los Rábanos
13%
Los Villares de Soria
13%
Maján
13%
Matalebreras
13%
Miño de Medinaceli
13%
Momblona
13%
Montejo de Tiermes
13%
Nafría de Ucero
13%
Narros
13%
Nepas
13%
Nolay
13%
Oncala
13%
Pinilla del Campo
13%
Portillo de Soria
13%
Pozalmuro
13%
Renieblas
13%
Rioseco de Soria
13%
Santa María de las Hoyas
13%
Soliedra
13%
Sotillo del Rincón
13%
Taroda
13%
Tejado
13%
Torlengua
13%
Torreblacos
13%
Torrubia de Soria
13%
Valdenebro
13%
Viana de Duero
13%
Villar del Ala
13%
Villar del Río
13%
Villaseca de Arciel
13%
Yelo
13%
Alcubilla de Avellaneda
0%
Aldealafuente
0%
Aldealices
0%
Aldealseñor
0%
Aldehuela de Periáñez
0%
Alentisque
0%
Almaluez
0%
Arévalo de la Sierra
0%
Ausejo de la Sierra
0%
Barcones
0%
Beratón
0%
Bliecos
0%
Buitrago
0%
Caltojar
0%
Cañamaque
0%
Candilichera
0%
Carabantes
0%
Carrascosa de la Sierra
0%
Casarejos
0%
Centenera de Andaluz
0%
Cerbón
0%
Cidones
0%
Cigudosa
0%
Cihuela
0%
Ciria
0%
Cubilla
0%
Cubo de la Solana
0%
Cueva de Ágreda
0%
Dévanos
0%
Deza
0%
Duruelo de la Sierro
0%
Espeja de San Marcelino
0%
Espejón
0%
Estepa de San Juan
0%
Frechilla de Almazán
0%
Fuentecantos
0%
Fuentelmonge
0%
Fuentelsaz de Soria
0%
Fuentes de Magaña
0%
Fuentestrún
0%
Hinojosa del Campo
0%
La Losilla
0%
La Póveda de Soria
0%
La Riba de Escalote
0%
Magaña
0%
Matalama de Almazán
0%
Miño de San Esteban
0%
Quiñonería
0%
Rebollar
0%
Reznos
0%
Rollamienta
0%
San Felices
0%
Santa Cruz de Yanguas
0%
Serón de Nágima
0%
Suellacabras
0%
Tajahuerce
0%
Tajueco
0%
Talveila
0%
Trévago
0%
Vadillo
0%
Valdelagua del Cerro
0%
Valdeprado
0%
Valderrodilla
0%
Valtarejos
0%
Velamazán
0%
Veldegeña
0%
Velilla de la Sierra
0%
Velilla de los Ajos
0%
Villanueva de Gormaz
0%
Villasayas
0%
Vizmanos
0%
Vozmediano
0%
No se encontraron pruebas coincidentes
Distribución de puntuación
Porcentaje de gente con cada puntuación
Porcentaje por número respondido
Historial de tus puntuaciones
No has intentado esta prueba.